Filme zu denen David eine falsche Meinung hat - Statistiken

Allgemein
  • Dieses Quiz wurde 5 mal gespielt
  • Das Durchschnittsergebnis liegt bei 3 aus 19
Antwortstatistiken
Erscheinungsjahr Filmtitel % Korrekt
1982 Blade Runner
80%
2019 1917
20%
1968 2001
20%
2015 Der Marsianer
20%
2017 Dunkirk
20%
2017 Mord im Orient Express
20%
2002 Punch-Drunk Love
20%
2007 There Will Be Blood
20%
2022 The Whale
20%
1996 Trainspotting
20%
2017 A Taxi Driver
0%
2016 Deadpool
0%
1998 Der Soldat James Ryan
0%
1994 Die Maske
0%
2019 Glass
0%
2007 Into the Wild
0%
2006 The Fountain
0%
2006 The Host
0%
2022 Tod auf dem Nil
0%
Keine übereinstimmenden Quizze gefunden
Verteilung der Resultate
Anzahl Personen mit jedem Resultat
Perzentil nach korrekt beantworteten Fragen
Ihre Resultats-Entwicklung
Sie haben dieses Quiz noch nicht gespielt